Sélectionne les bonnes personnes - Statistiques

Statistiques générales
  • Ce quiz a été pris 64 fois
  • Le résultat moyen est 48 sur 90
Statistiques - réponses
Question Tuile Select % Correct
Sélectionne seulement les personnes de nationalité française : Non
95%
Sélectionne seulement les personnes de nationalité française : Non
93%
Sélectionne seulement les personnes de moins de 55 ans : Non
88%
Sélectionne seulement les personnes affiliées au parti Républicain aux Etats-Unis : Oui
86%
Sélectionne seulement les personnes de moins de 55 ans : Oui
86%
Sélectionne seulement les personnes de moins de 55 ans : Non
86%
Sélectionne seulement les personnes travaillant pour le groupe TF1 : Oui
86%
Sélectionne seulement les personnes ayant un lien avec le domaine de la cuisine : Oui
86%
Sélectionne seulement les personnes de nationalité française : Oui
84%
Sélectionne seulement les personnes de nationalité française : Non
84%
Sélectionne seulement les personnes de moins de 55 ans : Non
81%
Sélectionne seulement les personnes ayant un lien avec le domaine de la cuisine : Non
81%
Sélectionne seulement les personnes ayant un lien avec le domaine de la cuisine : Non
81%
Sélectionne seulement les personnes ayant un lien avec le domaine de la cuisine : Non
79%
Sélectionne seulement les personnes affiliées au parti Républicain aux Etats-Unis : Oui
78%
Sélectionne seulement les personnes de moins de 55 ans : Oui
76%
Sélectionne seulement les personnes affiliées au parti Renaissance (majorité présidentielle) : Non
76%
Sélectionne seulement les personnes travaillant pour le groupe TF1 : Non
76%
Sélectionne seulement les personnes ayant plus de 5 millions d'abonnés sur Instagram : Oui
76%
Sélectionne seulement les personnes affiliées au parti Républicain aux Etats-Unis : Non
74%
Sélectionne seulement les personnes affiliées au parti Républicain aux Etats-Unis : Non
74%
Sélectionne seulement les personnes affiliées au parti Renaissance (majorité présidentielle) : Oui
72%
Sélectionne seulement les personnes de nationalité française : Oui
71%
Sélectionne seulement les personnes de moins de 55 ans : Oui
71%
Sélectionne seulement les personnes travaillant pour le groupe TF1 : Non
71%
Sélectionne seulement les personnes travaillant pour le groupe TF1 : Non
69%
Sélectionne seulement les rappeurs qui ne sont pas français : Non
69%
Sélectionne seulement les rappeurs qui ne sont pas français : Non
69%
Sélectionne seulement les personnes ayant un lien avec le domaine de la cuisine : Non
67%
Sélectionne seulement les personnes ayant un lien avec le domaine de la cuisine : Oui
66%
Sélectionne seulement les personnes ayant un lien avec le domaine de la cuisine : Oui
66%
Sélectionne seulement les personnes affiliées au parti Renaissance (majorité présidentielle) : Non
64%
Sélectionne seulement les personnes ayant été ou étant toujours dirigeant d'un pays : Non
64%
Sélectionne seulement les personnes ayant un lien avec le domaine de la cuisine : Oui
64%
Sélectionne seulement les personnes ayant été ou étant toujours dirigeant d'un pays : Non
62%
Sélectionne seulement les personnes ayant plus de 5 millions d'abonnés sur Instagram : Oui
62%
Sélectionne seulement les personnes de nationalité française : Non
60%
Sélectionne seulement les personnes de moins de 55 ans : Non
60%
Sélectionne seulement les personnes travaillant pour le groupe TF1 : Oui
60%
Sélectionne seulement les rappeurs qui ne sont pas français : Non
59%
Sélectionne seulement les personnes ayant plus de 5 millions d'abonnés sur Instagram : Non
59%
Sélectionne seulement les personnes affiliées au parti Renaissance (majorité présidentielle) : Non
57%
Sélectionne seulement les personnes travaillant pour le groupe TF1 : Non
55%
Sélectionne seulement les rappeurs qui ne sont pas français : Non
55%
Sélectionne seulement les personnes travaillant pour le groupe TF1 : Oui
53%
Sélectionne seulement les personnes ayant été ou étant toujours dirigeant d'un pays : Oui
53%
Sélectionne seulement les personnes ayant plus de 5 millions d'abonnés sur Instagram : Non
52%
Sélectionne seulement les rappeurs qui ne sont pas français : Oui
47%
Sélectionne seulement les personnes de moins de 55 ans : Non
45%
Sélectionne seulement les personnes n'ayant pas connues la première guerre mondiale : Non
45%
Sélectionne seulement les rappeurs qui ne sont pas français : Oui
45%
Sélectionne seulement les personnes ayant été ou étant toujours dirigeant d'un pays : Oui
45%
Sélectionne seulement les personnes ayant plus de 5 millions d'abonnés sur Instagram : Oui
45%
Sélectionne seulement les personnes n'ayant pas connues la première guerre mondiale : Non
43%
Sélectionne seulement les personnes ayant été ou étant toujours dirigeant d'un pays : Oui
43%
Sélectionne seulement les personnes n'ayant pas connues la première guerre mondiale : Non
41%
Sélectionne seulement les personnes n'ayant pas connues la première guerre mondiale : Non
41%
Sélectionne seulement les personnes n'ayant pas connues la première guerre mondiale : Oui
41%
Sélectionne seulement les rappeurs qui ne sont pas français : Oui
41%
Sélectionne seulement les personnes affiliées au parti Républicain aux Etats-Unis : Oui
40%
Sélectionne seulement les personnes de moins de 55 ans : Oui
40%
Sélectionne seulement les rappeurs qui ne sont pas français : Oui
40%
Sélectionne seulement les personnes affiliées au parti Républicain aux Etats-Unis : Non
38%
Sélectionne seulement les personnes ayant été ou étant toujours dirigeant d'un pays : Oui
38%
Sélectionne seulement les personnes de nationalité française : Oui
36%
Sélectionne seulement les personnes affiliées au parti Renaissance (majorité présidentielle) : Oui
36%
Sélectionne seulement les rappeurs qui ne sont pas français : Oui
36%
Sélectionne seulement les personnes ayant été ou étant toujours dirigeant d'un pays : Oui
36%
Sélectionne seulement les personnes ayant été ou étant toujours dirigeant d'un pays : Non
34%
Sélectionne seulement les personnes ayant plus de 5 millions d'abonnés sur Instagram : Non
34%
Sélectionne seulement les personnes ayant été ou étant toujours dirigeant d'un pays : Oui
33%
Sélectionne seulement les personnes ayant plus de 5 millions d'abonnés sur Instagram : Non
31%
Sélectionne seulement les personnes ayant plus de 5 millions d'abonnés sur Instagram : Oui
31%
Sélectionne seulement les personnes de nationalité française : Oui
28%
Sélectionne seulement les personnes affiliées au parti Renaissance (majorité présidentielle) : Oui
28%
Sélectionne seulement les personnes travaillant pour le groupe TF1 : Oui
28%
Sélectionne seulement les personnes ayant un lien avec le domaine de la cuisine : Oui
28%
Sélectionne seulement les personnes ayant plus de 5 millions d'abonnés sur Instagram : Non
28%
Sélectionne seulement les personnes affiliées au parti Renaissance (majorité présidentielle) : Oui
26%
Sélectionne seulement les personnes affiliées au parti Républicain aux Etats-Unis : Oui
24%
Sélectionne seulement les personnes n'ayant pas connues la première guerre mondiale : Oui
24%
Sélectionne seulement les personnes travaillant pour le groupe TF1 : Oui
24%
Sélectionne seulement les personnes de nationalité française : Non
22%
Sélectionne seulement les personnes affiliées au parti Renaissance (majorité présidentielle) : Oui
22%
Sélectionne seulement les personnes affiliées au parti Renaissance (majorité présidentielle) : Oui
22%
Sélectionne seulement les personnes affiliées au parti Républicain aux Etats-Unis : Oui
21%
Sélectionne seulement les personnes n'ayant pas connues la première guerre mondiale : Oui
21%
Sélectionne seulement les personnes n'ayant pas connues la première guerre mondiale : Oui
19%
Sélectionne seulement les personnes n'ayant pas connues la première guerre mondiale : Oui
17%
Sélectionne seulement les personnes affiliées au parti Républicain aux Etats-Unis : Oui
10%
Aucun quiz correspondant
Distribution des résultats
% des personnes avec chaque résultat
Percentile par nombre de réponses
Votre historique - résultats
Vous n’avez pas pris ce quiz